000 00678nam a2200241 i 4500
001 C2-0071269
003 PPAK
005 20190630222153.0
008 970429s1991 enka|||| ||||| | eng d
020 _a0192852426
040 _aPPAK
_beng
_cPPAK
_erda
082 0 4 _a923.152
_223
090 0 0 _a923.152
_bCRU
_dG
100 1 _aCrump, Thomas,
_eauthor
245 1 4 _aThe death of an emperor
264 1 _aOxford :
_bOxford University Press ,
_c1991
300 _axiii, 258 pages :
_billustrations ;
_c20 cm
336 _2rdacontent
_atext
337 _2rdamedia
_aunmediated
338 _2rdacarrier
_avolume
650 1 0 _aJapan - kings and rules - biography
942 _ddc
_cB
999 _c8689
_d8689